Parts of car quiz - Statistics

General Stats
  • This quiz has been taken 111 times
  • The average score is 6 of 14
Answer Stats
Hint Answer % Correct
It can do the car brake brake disc
77%
It can do the car move Tire
73%
It can do the car start Engine
67%
It can change the car direction if you use it Steering wheel
65%
It can let you see in the night Lights
51%
It can reflect that is in the rear Mirror
47%
It can do the engine do not turn hot with water Radiator
43%
You can see the landscape with this one Window
40%
you can add it to the wheels for decoration Rim
39%
You can add it to the engine Fuel
32%
It can do the car dont get damaged so much in a crash Bumper
28%
like previous question, now is turned Body
16%
You can assemble the body of the car on it Chasis
13%
it can change the speed of the car Lever
2%
No matching quizzes found
Score Distribution
Percent of People with Each Score
Percentile by Number Answered
Your Score History
You have not taken this quiz